00532nam a2200157 i 4500001000300000100002700003245009500030260002100125040000800146041000800154942000700162008004100169999001700210856009800227952004900325bg1 aTRZESZCZYŃSKI, Jerzy 0aBadania nad zanieczyszczeniem powietrza substancjami toksycznymi /cJerzy Trzeszczyński. aSzczecin,c1978. cBPK apol cKS s pl f |000 0 pol  c17831d17831 uhttp://koha.tu.koszalin.pl/cgi-bin/koha/opac-detail.pl?biblionumber=17831yKatalog online BPK 00104070aBPKbBPKcwo23418p01687880yKS